<?xml version="1.0" encoding="UTF-8"?>
<record
    xmlns:xsi="http://www.w3.org/2001/XMLSchema-instance"
    xsi:schemaLocation="http://www.loc.gov/MARC21/slim http://www.loc.gov/standards/marcxml/schema/MARC21slim.xsd"
    xmlns="http://www.loc.gov/MARC21/slim">

  <leader>00690nam a22001817a 4500</leader>
  <datafield tag="999" ind1=" " ind2=" ">
    <subfield code="c">63943</subfield>
    <subfield code="d">63943</subfield>
  </datafield>
  <controlfield tag="005">20260226122159.0</controlfield>
  <controlfield tag="008">260226s1996    enk||||| |||| 00| 0 eng d</controlfield>
  <datafield tag="020" ind1=" " ind2=" ">
    <subfield code="a">9780674788015x</subfield>
  </datafield>
  <datafield tag="041" ind1=" " ind2=" ">
    <subfield code="a">eng</subfield>
  </datafield>
  <datafield tag="080" ind1=" " ind2=" ">
    <subfield code="a">929:338.22(092):929.52(520) R-37</subfield>
  </datafield>
  <datafield tag="100" ind1=" " ind2=" ">
    <subfield code="a">Reischauer,  Haru Matsukata </subfield>
    <subfield code="9">26983</subfield>
  </datafield>
  <datafield tag="245" ind1=" " ind2=" ">
    <subfield code="a">Samurai and Silk:</subfield>
    <subfield code="b">A Japanese and American Heritage /</subfield>
    <subfield code="c">Haru Matsukata Reischauer.</subfield>
  </datafield>
  <datafield tag="264" ind1=" " ind2=" ">
    <subfield code="a">London :</subfield>
    <subfield code="b">&#x200E;Belknap Press,</subfield>
    <subfield code="c">1996.</subfield>
  </datafield>
  <datafield tag="300" ind1=" " ind2=" ">
    <subfield code="a">372 p.;</subfield>
    <subfield code="b">24 cm.</subfield>
  </datafield>
  <datafield tag="653" ind1=" " ind2=" ">
    <subfield code="a">&#x10E1;&#x10D0;&#x10DB;&#x10E3;&#x10E0;&#x10D0;&#x10D8; &#x10D3;&#x10D0; &#x10D0;&#x10D1;&#x10E0;&#x10D4;&#x10E8;&#x10E3;&#x10DB;&#x10D8;</subfield>
  </datafield>
  <datafield tag="653" ind1=" " ind2=" ">
    <subfield code="a">&#x10D8;&#x10D0;&#x10DE;&#x10DD;&#x10DC;&#x10E3;&#x10E0;&#x10D8; &#x10D3;&#x10D0; &#x10D0;&#x10DB;&#x10D4;&#x10E0;&#x10D8;&#x10D9;&#x10E3;&#x10DA;&#x10D8; &#x10DB;&#x10D4;&#x10DB;&#x10D9;&#x10D5;&#x10D8;&#x10D3;&#x10E0;&#x10D4;&#x10DD;&#x10D1;&#x10D0;</subfield>
  </datafield>
  <datafield tag="942" ind1=" " ind2=" ">
    <subfield code="2">udc</subfield>
    <subfield code="c">&#x1CAC;&#x1C98;&#x1C92;&#x1C9C;&#x1C98;</subfield>
  </datafield>
  <datafield tag="952" ind1=" " ind2=" ">
    <subfield code="0">0</subfield>
    <subfield code="1">0</subfield>
    <subfield code="2">udc</subfield>
    <subfield code="4">0</subfield>
    <subfield code="6">9293382209292952520_R37</subfield>
    <subfield code="7">0</subfield>
    <subfield code="9">105525</subfield>
    <subfield code="a">CPL</subfield>
    <subfield code="b">CPL</subfield>
    <subfield code="c">GEN</subfield>
    <subfield code="d">2026-02-26</subfield>
    <subfield code="g">15.00</subfield>
    <subfield code="o">929:338.22(092):929.52(520) R-37</subfield>
    <subfield code="p">73830</subfield>
    <subfield code="r">2026-02-26</subfield>
    <subfield code="t">73830</subfield>
    <subfield code="u">&#x10D8;&#x10D0;&#x10DE;&#x10DD;&#x10DC;&#x10D8;&#x10D8;&#x10E1; &#x10D4;&#x10DA;&#x10E9;&#x10D8;&#x10E1; &#x10E1;&#x10D0;&#x10E9;&#x10E3;&#x10E5;&#x10D0;&#x10E0;&#x10D8;</subfield>
    <subfield code="w">2026-02-26</subfield>
    <subfield code="y">&#x1CAC;&#x1C98;&#x1C92;&#x1C9C;&#x1C98;</subfield>
    <subfield code="z">15 &#x10DA;.</subfield>
  </datafield>
</record>
